Bonn podporuje malých podnikateľov z radov karpatských Nemcov
Rozsiahla hospodárska pomoc nemeckého kabinetu svojim menšinám v zahraničí, nielen v EÚ, ale aj strednej a východnej Európe (3,5 mil ľudí nemeckej národnosti) po r.1990 podľa vládneho programu, jeho ciele: obmedzenie prisťahovalectva do preplneného Nemecka a oživenie regiónov obývaných etnickými Nem...
Guardado en:
| Autor principal: | |
|---|---|
| Formato: | Capítulo de libro |
| Lenguaje: | eslovaco |
| Materias: | |
| Etiquetas: |
Sin Etiquetas, Sea el primero en etiquetar este registro!
|
MARC
| LEADER | 00000naa a2200000 4500 | ||
|---|---|---|---|
| 001 | r016554 | ||
| 005 | 20221205091101.2 | ||
| 041 | 0 | |a slo | |
| 044 | |a SK | ||
| 245 | 1 | 0 | |a Bonn podporuje malých podnikateľov z radov karpatských Nemcov |c R. Matejovič |
| 520 | |a Rozsiahla hospodárska pomoc nemeckého kabinetu svojim menšinám v zahraničí, nielen v EÚ, ale aj strednej a východnej Európe (3,5 mil ľudí nemeckej národnosti) po r.1990 podľa vládneho programu, jeho ciele: obmedzenie prisťahovalectva do preplneného Nemecka a oživenie regiónov obývaných etnickými Nemcami. Od r.1992 Karpatskonemecká nadácia, pomoc organizovaná MV SRN. 622 000 DM poskytnutých na podporu projektov malého podnikania formou bezúročnej pôžičky. Kontrola realizácie projektu a využitia prostriedkov nemeckou stranou. | ||
| 610 | 2 | 0 | |a Slovensko |
| 610 | 2 | 0 | |a národnosti |
| 610 | 2 | 0 | |a Nemci |
| 610 | 2 | 0 | |a Nemecko |
| 610 | 2 | 0 | |a pomoc hospodárska |
| 610 | 2 | 0 | |a pôžičky zahraničné |
| 610 | 2 | 0 | |a Karpatskonemecká nadácia |
| 610 | 2 | 0 | |a podnik malý |
| 610 | 2 | 0 | |a kontrola |
| 610 | 2 | 0 | |a podpora podnikania |
| 610 | 2 | 0 | |a nadácie |
| 100 | 1 | |a Matejovič, R. | |